Estadísticas para Prueba de Andalucía

Haz click aquí para intentar la prueba.

Estadísticas generales

  • Esta prueba ha sido intentada 2.634 veces
  • La puntuación promedio es 10 de 16

Estadísticas de respuestas

PreguntaRespuesta% Correcto
Capital y ciudad más pobladaSevilla
99%
Última ciudad con control musulmán en EspañaGranada
93%
Géneros musicales que se desarollaron en AndalucíaFlamenco
92%
Provincia de superficie más baja pero casi de población más altaMálaga
85%
Río andaluz de mayor longitudGuadalquivir
84%
Año en que los moros perdió control de esa ciudad1492
73%
Probablemente el actor andaluz más conocidoAntonio Banderas
71%
Palabra que significa un aperitivo español y inició como andalucismoTapa
64%
El club de fútbol más antiguo de EspañaRecreativo de Huelva
52%
Más de 30% de la producción mundial de este producto alimenticio viene de AndalucíaAceite de oliva
51%
Romería de AlmonteEl Rocío
47%
Cordillera septentrional mencionada en
Don Quijote y «Cielito lindo»
Sierra Morena
44%
Único desierto españolDesierto de {Tabernas}
42%
Creador de la letra del Himno de AndalucíaBlas Infante
27%
Géneros musicales que se desarollaron en AndalucíaCopla
20%
Autor de La chiquita piconeraJulio Romero de Torres
12%

Distribución de puntuación

Porcentaje por número respondido

Porcentaje de gente con cada puntuación

Historial de tus puntuaciones

No has intentado esta prueba.